| 000 | 01670nam a2200265Ia 4500 | ||
|---|---|---|---|
| 003 | OSt | ||
| 005 | 20251113111336.0 | ||
| 008 | 210210b2017 xxu||||| |||| 00| 0 eng d | ||
| 040 | _cAL | ||
| 041 | _aKannada | ||
| 082 | _aK894.4 KRAJ | ||
| 100 |
_aKRASHNEGAUDA (M) _dಎಂ. ಕೃಷ್ಣೇಗೌಡ _9245356 |
||
| 245 |
_aJalada kannu _bಜಲದ ಕಣ್ಣು ಸಂಪುಟ-2 |
||
| 260 |
_aMaisuru _b- _c2017 |
||
| 300 | _axvi,296 | ||
| 440 |
_a2 _9245357 |
||
| 520 | _aಪ್ರೊ. ಎಂ. ಕೃಷ್ಣೇಗೌಡ ಅವರು ರಚಿಸಿದ ಕೃತಿ-ಜಲದ ಕಣ್ಣು, ಸಂಪುಟ-2. ಭೂಮಿಯೊಳಗೆ ನೀರು ಗುಪ್ತಗಾಮಿನಿಯಾಗಿ ಹರಿಯುತ್ತದೆ. ಅದರ ದಾರಿ ಯಾವುದು ಎಂಬುದನ್ನು ಕಂಡು ಹಿಡಿಯುವುದು ವೈಜ್ಞಾನಿಕ ಜಗತ್ತಿಗೆ ಒಂದು ಸವಾಲು. ಆದರೆ, ಅದನ್ನೇ ಸವಾಲು ಆಗಿ ಸ್ವೀಕರಿಸಿ, ಜಲದ ಮೂಲವನ್ನು ಪತ್ತೆ ಹಚ್ಚುವಲ್ಲಿ ಕೆಲವರು ತಮ್ಮದೇ ಆದ ವಿಧಾನಗಳಿಂದ ಯಶಸ್ವಿಯಾಗಿದ್ದು, ವಿಜ್ಞಾನಕ್ಕೆ ಸವಾಲಾಗೇ ಉಳಿದಿದೆ. ಇಂತಹ ವಿಸ್ಮಯಕಾರಿ ಸಂಗತಿಗಳಿಂದ ಕೂಡಿದ ಅಂಕಣ ಬರಹಗಳು ಈ ಕೃತಿಯಲ್ಲಿವೆ. | ||
| 650 |
_asamputa _9245358 |
||
| 650 |
_akannu _9245359 |
||
| 650 |
_aJalada _9245360 |
||
| 650 |
_a2 _9245361 |
||
| 690 |
_aKannada Prose _9245362 |
||
| 906 | _a072229 | ||
| 942 |
_2ddc _cBK |
||
| 999 |
_c122132 _d122132 |
||